000 00221nam a22000857a 4500
008 170204b xxu||||| |||| 00| 0 eng d
100 _92778
_aCBSE
245 _aSenior Schol Curriculum 2014-2015
260 _aNEw Delhi
_bCBSE
_c2014
999 _c5970
_d5970